| 000 | 00510nam a2200205Ia 4500 | ||
|---|---|---|---|
| 999 |
_c618 _d618 |
||
| 020 | _a0-202-90060-6 | ||
| 082 | _a398.094 FOL; | ||
| 245 | 0 | _aFolklore in the modern world | |
| 260 |
_aParis _bMouton Publishers _c1978 |
||
| 300 | _axi, 364p. | ||
| 504 | _aIncludes index | ||
| 650 | _aFolklore - Methodology | ||
| 650 | _aUrban folklore | ||
| 650 | _aEthnology | ||
| 650 | _aFolklore and education | ||
| 650 | _aEssays | ||
| 650 | _aFolklore and history | ||
| 700 | _aDorson, Richard M. | ||
| 942 | _cBK | ||